00492 2200169 4500001002100000005001500021035002000036008004100056245010600097100000800203260002500211300002800236084001400264082000800278020001800286990001800304INLIS00000000000021720240813103010 a0010-0724000217240813 0 ind 1 aIndonesian Writers Bibliophiles :bSekelumut Kisah Hidup & Proses Kreatif 30 Penulis Indonesia /cxxx axxx aSolo :bKatta,c2007 a140 hlm. ;c12 x 18 cm. a011 NUR i a011 a979-26-9805-1 aP29/CP/24/217